000 01420cam a2200349 i 4500
001 13337176
003 EG-ScBUE
005 20260503092336.0
008 030909t2004 ne a f b 001 0 eng d
020 _a0123822564 (acidfree paper)
020 _a9780123822567
040 _aDLC
_beng
_erda
_cDLC
_dDLC
_dEG-ScBUE
082 0 4 _a510.212
_222
_bJEF
100 1 _aJeffrey, Alan,
_eauthor.
245 1 0 _aHandbook of mathematical formulas and integrals /
_cAlan Jeffrey.
250 _aThird edition.
264 1 _aAmsterdam ;
_aBoston :
_bElsevier Academic Press,
_c[2004]
264 4 _cc2004
300 _axxvi, 453 pages :
_billustrations ;
_c24 cm
336 _2rdacontent
_atext
_btxt
337 _aunmediated
_2rdamedia
_bn
338 _avolume
_bnc
_2rdacarrier
504 _aIncludes bibliographical references and index.
650 7 _aMathematics
_vTables.
_2BUEsh
650 7 _aMathematics
_vFormulae.
_2BUEsh
655 _vReading book
856 4 2 _3Publisher description
_uhttp://www.loc.gov/catdir/description/els041/2003049507.html
856 4 1 _3Table of contents
_uhttp://www.loc.gov/catdir/toc/els041/2003049507.html
856 4 2 _3Book review (E-STREAMS)
_uhttp://www.e-streams.com/es0710/es0710_3628.html
942 _2ddc
_cBB
999 _c10372
_d10372